Ladybird I'm Ready for Phonics Huff! Puff! Run! Level 4 (Record no. 49044)
| 000 -LEADER | |
|---|---|
| fixed length control field | 00428nam a22001217a 4500 |
| 008 - FIXED-LENGTH DATA ELEMENTS--GENERAL INFORMATION | |
| fixed length control field | 250725b |||||||| |||| 00| 0 eng d |
| 020 ## - INTERNATIONAL STANDARD BOOK NUMBER | |
| International Standard Book Number | 9780723275404 |
| 100 ## - MAIN ENTRY--PERSONAL NAME | |
| Personal name | Ladybird (Author) |
| 9 (RLIN) | 85855 |
| 245 ## - TITLE STATEMENT | |
| Title | Ladybird I'm Ready for Phonics Huff! Puff! Run! Level 4 |
| 260 ## - PUBLICATION, DISTRIBUTION, ETC. (IMPRINT) | |
| Place of publication, distribution, etc | UK, USA, Canada, Ireland, Australia, India, New Zealand, South Africa |
| Name of publisher, distributor, etc | Ladybird |
| Date of publication, distribution, etc | 2014 |
| 300 ## - PHYSICAL DESCRIPTION | |
| Extent | 32 pages |
| Other physical details | col. il. |
| Dimensions | 6 x 0.1 x 9 inches |
| 942 ## - ADDED ENTRY ELEMENTS (KOHA) | |
| Source of classification or shelving scheme | |
| Withdrawn status | Lost status | Source of classification or shelving scheme | Damaged status | Not for loan | Collection code | Home library | Current library | Date acquired | Total Checkouts | Full call number | Barcode | Date last seen | Price effective from | Koha item type |
|---|---|---|---|---|---|---|---|---|---|---|---|---|---|---|
| Siem Riep | Asian Hope Siem Reap | Asian Hope Siem Reap | 07/25/2025 | EFIC FAD | 209014 | 07/25/2025 | 07/25/2025 | Book |